4+ Appearances on the Time 100 Quiz Stats

Quiz Updated May 10, 2016

Challenge
Share
Tweet
Score 0/18 Timer 06:00
1 Play Today
% Correct
Barack Obama
99.8%
George W. Bush
99%
Oprah Winfrey
98%
Bill Clinton
97.3%
Hillary Clinton
97.2%
Steve Jobs
96.2%
Bill Gates
95.5%
Vladimir Putin
94.9%
George Clooney
94%
% Correct
Condoleezza Rice
88%
Kim Jong-un
86%
Angela Merkel
81.8%
Pope Francis
80.2%
Xi Jinping
27%
Aung San Suu Kyi
19.9%
Hu Jintao
16.9%
Jamie Dimon
13.5%
Christine Lagarde
12.9%

You're not logged in!

Compare scores with friends on all Sporcle quizzes.
Join for Free
OR
Log In

You Might Also Like...

Show Comments

Extras

Top Quizzes Today


Score Distribution

Your Account Isn't Verified!

In order to create a playlist on Sporcle, you need to verify the email address you used during registration. Go to your Sporcle Settings to finish the process.

Report this User

Report this user for behavior that violates our Community Guidelines.

Details: